00445nam a2200157Ia 4500008004100000082001000041100002700051245003300078260005700111300000700168365000600175520002000181630003300201650002000234730003300254100917s9999 xx 000 0 und d b43647 aसंत वि. द. aस्वप्न वेल bचैत्राली प्रकाशनc1980 a52 b7 aकविता aस्वप्न वेल aकविता aस्वप्न वेल